10 Pays les plus septentrionaux d'Europe - Statistiques

Statistiques générales
  • Ce quiz a été pris 76 fois
  • Le résultat moyen est 9 sur 10
Statistiques - réponses
latitude pays % Correct
70°05'N Finlande
100%
80°49'N Norvège
100%
81°51'N Russie
100%
69°04'N Suède
100%
59°48'N Estonie
99%
67°08'N Islande
99%
57°45'N Danemark
97%
58°05'N Lettonie
93%
60°51'N Royaume-Uni
90%
62°23'N Îles Féroé
46%
Aucun quiz correspondant
Distribution des résultats
% des personnes avec chaque résultat
Percentile par nombre de réponses
Votre historique - résultats
Vous n’avez pas pris ce quiz